000 00810cam a2200145 4500500
005 20260201164103.0
041 _afre
042 _adc
100 1 0 _aMasset, Claude
_eauthor
245 0 0 _aAlbert & Jacqueline Ducros, eds, L’Homme préhistorique. Images et imaginaire. Paris, L’Harmattan, 2000, 290 p., bibl., index, fig. (« Histoire des Sciences Humaines »). Raymond Corbey & Wil Roebroeks, eds, Studying Human Origins. Disciplinary History and Epistemology. Amsterdam, Amsterdam University Press, 2001, viii + 174 p., bibl., tabl. (« Amsterdam Archaeological Studies » 6)
260 _c2002.
500 _a64
786 0 _nL'Homme | 164 | 4 | 2002-10-01 | p. 155r-205r | 0439-4216
856 4 1 _uhttps://shs.cairn.info/revue-l-homme-2002-4-page-155r?lang=fr&redirect-ssocas=7080
999 _c1643272
_d1643272